Dobrý šéf, zlý šéf ako sa stať najlepším a poučiť sa od najhorších

Gespeichert in:
Bibliographische Detailangaben
1. Verfasser: Sutton, Robert I.
Weitere Verfasser: Zidor, Michal
Format: Buch
Sprache:Slowakisch
Veröffentlicht: Bratislava Eastone Books 2010
Schlagworte:
Tags: Tag hinzufügen
Keine Tags, Fügen Sie das erste Tag hinzu!

MARC

LEADER 00000nam a2200000 4500
001 0216975
005 20240314092930.4
020 |a 978-80-8109-139-1 
041 0 |a slo 
044 |a SK 
245 1 0 |a Dobrý šéf, zlý šéf  |b ako sa stať najlepším a poučiť sa od najhorších  |c Robert I. Sutton ; preklad: Michal Zidor 
264 1 |a Bratislava  |b Eastone Books  |c 2010 
300 |a 193 s. 
610 2 0 |a pracovníci riadiaci 
610 2 0 |a lídri 
610 2 0 |a manažéri 
610 2 0 |a riadenie podnikové 
610 2 0 |a vedenie ľudí 
610 2 0 |a kvalita 
610 2 0 |a motivácia pracovná 
610 2 0 |a zručnosti 
610 2 0 |a sebapoznanie 
610 2 0 |a sebariadenie 
610 2 0 |a psychológia podniková 
100 1 |a Sutton, Robert I. 
700 1 |a Zidor, Michal